000 01065nam a22003377a 4500
001 0019127
003 KOHA_MİRAKIL
005 20260207002226.0
007 ta
008 100707b2003 tu |||gr||||#||||0|tur |
020 _a9756812958
040 _aTR-BiSEU
_btur
_cTR-BiSEU
_erda
041 0 _atur
044 _ctu
050 _aHF5415.123
_b.T67 2003
100 1 _aTosun, Nurhan Babür.
245 1 _aPazarlama halkla ilişkileri ve reklam :
_bbütünleşik pazarlama iletişimi yönlü bir yaklaşım/
_cNurhan Babür Tosun ; Nurhan Babür Tosun.
264 1 _aİstanbul :
_bTürkmen Kitabevi
_c2003
300 _aXII, 179 s. ;
_c24 cm.
336 _ametin
_btxt
_2rdacontent
337 _aaracısız
_bn
_2rdamedia
338 _acilt
_bnc
_2rdacarrier
490 1 _aEğitim dizisi ;
_v77.
500 _aKaynakça var.
650 0 _aReklamcılık.
_92308
650 0 _aİletişim--Pazarlama.
_943168
650 0 _aAdvertising.
_92309
650 0 _aCommunication--Marketing.
_943169
830 1 _aEğitim dizisi ;
_v77.
_94002
942 _2lcc
_cBK
999 _c19084
_d19084